Sports Quiz

Random Sports Quiz

Measurements in Sports Quiz Stats

 Plays Quiz not verified by Sporcle

Score 0/11 Timer 05:00
0 Plays Today
Question Measurement % Correct
What is the maximum weight of a bowling ball?16
80%
What is the mimimum depth of a Olympic-size swimming pool?2.0
63.1%
What is the legal length of an lacrosse player on offense (NCAA)?40 to 42
50.8%
What is the circumference of a soccer ball?27 to 28
47.7%
What is the thickness of a standard sized hockey puck?25.4
46.2%
What is the distance from the pitching rubber to home plate in women's fast-pitch softball (college/adult league)?43
38.5%
What is the radius of a tennis ball?about 6.7
23.1%
What is the circumference of a baseball?9 to 9.25
16.9%
What is the diameter of a golf hole?4.25
6.2%
What is the volume of a basketball? about 433.5
4.6%
What is the area of an American Football field (including endzones)?6396
4.6%

You're not logged in!

Compare scores with friends on all Sporcle quizzes.
OR
Log In

Show Comments

Extras

Created Sep 2, 2010ReportNominate
Tags:Dimensions, Measurements

Top Quizzes Today


Score Distribution

Your Account Isn't Verified!

In order to create a playlist on Sporcle, you need to verify the email address you used during registration. Go to your Sporcle Settings to finish the process.

Report this User

Report this user for behavior that violates our Community Guidelines.

Details: